| 000 | 00848nam a22002297a 4500 | ||
|---|---|---|---|
| 999 |
_c161452 _d161452 |
||
| 005 | 20210813101734.0 | ||
| 010 | _a1819CHEN B-720860-880 | ||
| 020 |
_a9788181050061 _c300.00 |
||
| 035 | _aB-720860-880 | ||
| 035 | _aB-728643 | ||
| 037 | _bGaurav Prakashan | ||
| 082 | _a920 | ||
| 100 | _aBhatia,Roshi | ||
| 245 |
_aSarojini Naidu / _cby Roshi Bhatia |
||
| 260 |
_aDelhi _bGaurav Prakashan _c2018 |
||
| 270 |
_a518/6-B, Karkari Road, Vishwas Nagar, Shahadra, _bDelhi _e110032 |
||
| 300 |
_a104p.: _bill. _c22cm(Hb) |
||
| 500 | _aAirport | ||
| 942 |
_2ddc _cCH _mNAI _h920 |
||